8 Most Famous Cities (maybe?) in Kiribati on a Map - Statistics

General Stats
  • This quiz has been taken 84 times
  • The average score is 4 of 8
Answers on the Map
Answers color-coded by a green-red scale on the quiz's map according to % correct below.
 
Answer Stats
Wiki Monthly Views Cityquiz Mention Rate Population Answers % Correct
22.85K 11.06% 63.44K South Tarawa
84%
1.24K 3.01% 1.46K Banana
74%
2.20K 15.99% 1.99K London
73%
3.47K - 0.23K Poland
65%
8.13K - 0.33K Banaba/Tabiang
16%
2.40K - 3.24K Butaritari/Taubukinmeang
16%
5.46K - 0.04K Canton
16%
2.31K - 1.91K Makin
15%
No matching quizzes found
Score Distribution
Percent of People with Each Score
Percentile by Number Answered
Your Score History
You have not taken this quiz